Top ten facts every insurance agent needs to know about the National Flood Insurance Program (NFIP).

Bibliographic Details
Corporate Author: United States. Federal Emergency Management Agency
Format: Government Document Book
Language:English
Published: [Washington, D.C.] : FEMA, [2004]
Subjects:
Online Access:https://purl.fdlp.gov/GPO/LPS56242

MARC

Tag First Indicator Second Indicator Subfields
LEADER 00000cam a2200000Ka 4500
001 in00002014019
005 20211202202830.0
008 041209s2004 dcu f000 0 eng d
035 |a (OCoLC)ocm57215764 
040 |a GPO  |c GPO  |d MvI  |d UtOrBLW 
049 |a UDOC 
049 |a WWW 
074 |a 0520-E-01 
074 |a 0520-E-01 (online) 
086 0 |a HS 5.102:F 11/2004 
245 0 0 |a Top ten facts every insurance agent needs to know about the National Flood Insurance Program (NFIP). 
246 1 |i At head of title:  |a National Flood Insurance Program 
264 1 |a [Washington, D.C.] :  |b FEMA,  |c [2004] 
300 |a 1 sheet. 
336 |a text  |b txt  |2 rdacontent 
337 |a unmediated  |b n  |2 rdamedia 
338 |a sheet  |b nb  |2 rdacarrier 
500 |a Shipping list number: 2005-0049-P. 
500 |a "08/04." 
500 |a "F-068." 
500 |a Shipping List Date: 12/06/2004 
530 |a Also available via Internet from the FEMA web site. Address as of 12/13/04: http://www.fema.gov/nfip/a%5F10.shtm; current access is available via PURL. 
610 2 0 |a National Flood Insurance Program (U.S.) 
650 0 |a Flood insurance  |z United States. 
650 0 |a Insurance agents  |z United States. 
710 1 |a United States.  |b Federal Emergency Management Agency. 
856 4 1 |u https://purl.fdlp.gov/GPO/LPS56242  |t 0 
999 |a MARS 
999 f f |s 7d6627da-f574-32ce-9383-5783e549a70e  |i b4e25bd5-1332-34ce-86f8-b082fca77ffd  |t 0 
952 f f |a Texas A&M University  |b College Station  |c Electronic Resources  |d Available Online  |t 0  |e HS 5.102:F 11/2004  |h Superintendent of Documents classification 
998 f f |a HS 5.102:F 11/2004  |t 0  |l Available Online